000 00483nam a2200193 a 4500
001 1765635237933
003 YourLibrary
005 20251216152706.0
008 251213s1987##################000#0#eng##
020 _a9780062548283
082 0 4 _a221.6
_bLEV
100 1 _aLevenson, Jon D.,
_eauthor.
245 1 0 _aSinai and Zion :
260 _bHarper Collins,
_c1987.
300 _a244 pages
650 0 _aReligion.
942 _cENGLISH
040 _aYourLibrary
_beng
_cYourLibrary
999 _c602678
_d602678